000 00340nam a2200157Ia 4500
100 _aKraus/John D
250 _a3
942 _cBK
654 _aelectromagnetics
245 _aElectromagnetics with application
260 _bMcGraw Hill
_aNew york
_c1999
082 _a530.141
_bKRA
300 _a617
546 _aENGLISH
999 _c33979
_d33979